000 00643nam a2200229Ia 4500
003 OSt
005 20220918200622.0
006 a|||||r|||| 00| 0
007 ta
008 220917b |||||||| |||| 00| 0 eng d
024 _a89,553
037 _cTextual
040 _aARTS
_cARTS
_beng
041 _2eng
_aeng
082 _aU5.2.M, M5
100 _aRoberts P E
_994869
245 0 _aHistorical geography of the British India
_b history to the end of the East India Company
260 _aDelhi
_bAnmol
_c1985
650 _aGEOPOLITICS
_940978
942 _hU5.2.M, M5
_cTEXL
_2CC
999 _c213223
_d213223